000 00569nam a2200217Ia 4500
003 OSt
005 20221005130747.0
006 a|||||r|||| 00| 0
007 ta
008 221004b |||||||| |||| 00| 0 eng d
024 _a116479
037 _cTextual
040 _aCRL
_cCRL
_beng
041 _2eng
_aeng
100 _aTondon Pratap narayan
_9638622
245 0 _aSamiksha ke maan aur Hindi samiksha ki vishist pravritiya
260 _c1965
650 _aHINDI LITERATURE
_923866
942 _cTEXL
_2cc
999 _c1058329
_d1058329